GONDA, J.: Základy dynamiky strojov

Bibliographic Details
Main Author: Frolov, K. V (Author)
Format: Article
Language:Slovak

MARC

LEADER 00000nab a2200000uu 4500
001 vtls011457324
003 SK-MaSNL
005 20260303151634.0
008 230222|1972 xo |||||||||||||||||slo|
015 |a SNBRB 
035 |a (urnnbn)urn:nbn:sk:snk:ar-a09ud6 
035 |a (uuid)1b2869a3-8fec-4853-a485-5e1597a70af1 
035 |a urn:nbn:sk:snk-abcrxv 
040 |a SNKBUCL  |b slo  |c SNKBUCL  |e AACR2 
041 0 |a slo 
044 |a xo  |c SK 
100 1 |a Frolov, K. V  |4 aut  |9 1171449 
245 1 0 |a GONDA, J.: Základy dynamiky strojov  |c K. V. Frolov 
773 0 |t Strojnícky časopis  |g Roč. 23, č. 1 (1972), s. 111-112 
954 |a odborná, vedecká literatúra pôvodná (slovenská)  |2 lita 
958 |a OND 
958 |a EUIPO 
958 |a article16 
999 |c 2018701  |d 2020631